000 00941nam a2200229Ia 4500
999 _c44478
_d44478
001 11276
003 GE_BSU
005 20250501163725.0
008 181216s1972||||ge |||||||||||||| ||geo||
040 _cGE_BSU
041 _ageo
080 _a630.114(479.22) უ-62
100 _a ურუშაძე, თენგიზ
_924984
245 _aსაქართველოს ტყის ნიადაგები /
_cთენგიზ ურუშაძე ; რედ: ე. ტრიპოლსკი.
264 _aთბილისი:
_bსაბჭოთა საქართველო,
_c1972.
300 _a100გვ.20სმ.
300 _eცხრ.
504 _aბიბლიოგრაფია: გვ.100-101.
653 _aსაქართველოს ტყის ნიადაგები.
700 _aტრიპოლსკი, ე.
_eრედაქტორი
_924985
942 _cBK
_2udc